LEADER 02637nam 2200709 a 450 001 9910455952403321 005 20200520144314.0 010 $a1-282-76951-0 010 $a0-08-094670-4 010 $a9786612769511 010 $a1-282-02764-6 010 $a9786612027642 010 $a0-8155-2010-7 010 $a0-8155-1929-X 010 $a1-59124-163-4 035 $a(CKB)111056552537508 035 $a(EBL)631928 035 $a(OCoLC)700703724 035 $a(SSID)ssj0000072924 035 $a(PQKBManifestationID)11969702 035 $a(PQKBTitleCode)TC0000072924 035 $a(PQKBWorkID)10102955 035 $a(PQKB)10227492 035 $a(MiAaPQ)EBC631928 035 $a(MiAaPQ)EBC4952397 035 $a(Au-PeEL)EBL631928 035 $a(CaPaEBR)ebr10404674 035 $a(CaONFJC)MIL276951 035 $a(Au-PeEL)EBL4952397 035 $a(CaONFJC)MIL202764 035 $a(OCoLC)742293947 035 $a(EXLCZ)99111056552537508 100 $a19990322d1999 uy 0 101 0 $aeng 135 $aur|n|---||||| 181 $ctxt 182 $cc 183 $acr 200 14$aThe rubber formulary$b[electronic resource] /$fby Peter A. Ciullo, Norman Hewitt 210 $aNorwich, N.Y. $cNoyes Publications$d1999 215 $a1 online resource (767 p.) 225 1 $aPDL handbook series 300 $aDescription based upon print version of record. 311 $a0-8155-1434-4 320 $aIncludes bibliographical references. 330 $aA stable usage of rubber compounds in the production of components for almost every industry has created the need for this handbook and formulary. Convenience is the primary reason for such a book. With the variety of uses for rubber being as broad as the imagination, a formulary which includes an overview of the history of rubber, as well as sections on ingredients, processing methods, and testing, is a welcome addition to any manufacturer's library. Rubber products include seals and gaskets for windows, pressure and vacuum hoses for automotive and aerospace applications, bottle stopp 410 0$aPDL handbook series. 606 $aRubber chemistry 606 $aChemistry, Technical$vFormulae, receipts, prescriptions 608 $aElectronic books. 615 0$aRubber chemistry. 615 0$aChemistry, Technical 676 $a678/.2 700 $aCiullo$b Peter A.$f1954-$0616450 701 $aHewitt$b Norman$01044996 801 0$bMiAaPQ 801 1$bMiAaPQ 801 2$bMiAaPQ 906 $aBOOK 912 $a9910455952403321 996 $aThe rubber formulary$92470940 997 $aUNINA LEADER 01059nam a2200265 i 4500 001 991003556299707536 008 180911s2015 flua b 001 0 eng d 020 $a9781498703086 035 $ab14351602-39ule_inst 040 $aBibl. Dip.le Aggr. Ingegneria Innovazione - Sez. Ingegneria Innovazione$beng 082 $a621.436 100 1 $aKarim, Ghazi A.$0785659 245 10$aDual-fuel diesel engines /$cGhazi A. Karim 264 1$aBoca Raton :$bCRC Press, Taylor & Francis Group,$c2015 300 $axx, 295 pages :$billustrations ;$c24 cm 504 $aIncludes bibliographical references and index 650 0$aDiesel motor$xFuel systems 650 0$aDiesel fuels 650 0$aGas as fuel 907 $a.b14351602$b24-10-18$c16-10-18 912 $a991003556299707536 945 $aLE026 621.436 KAR 01.01 2015$g1$i2026000072326$lle026$nProf. Carlucci / Biblioteca$op$pE144.00$q-$rl$s- $t4$u1$v0$w1$x0$y.i15864261$z16-10-18 996 $aDual-fuel diesel engines$91749149 997 $aUNISALENTO 998 $ale026$b11-09-18$cm$da $e $feng$gflu$h0$i0 LEADER 03190nam 2200805z- 450 001 9910674008703321 005 20220111 035 $a(CKB)5400000000042034 035 $a(oapen)https://directory.doabooks.org/handle/20.500.12854/76809 035 $a(oapen)doab76809 035 $a(EXLCZ)995400000000042034 100 $a20202201d2021 |y 0 101 0 $aeng 135 $aurmn|---annan 181 $ctxt$2rdacontent 182 $cc$2rdamedia 183 $acr$2rdacarrier 200 00$aMechanical Properties of Materials 210 $aBasel, Switzerland$cMDPI - Multidisciplinary Digital Publishing Institute$d2021 215 $a1 online resource (98 p.) 311 08$a3-0365-1084-2 311 08$a3-0365-1085-0 330 $aIn the oral environment, restorative and prosthetic materials and appliances are exposed to chemical, thermal and mechanical challenges. The mechanical properties of a material define how it responds to the application of a physical force. Recent advances in nanotechnology and 3D printing have rapidly spread, and manufacturers continuously develop new materials and solutions to provide high-quality dental care, with particular attention being paid to long-term follow-up. Restorative dentistry, prosthodontics, oral surgery, implants, periodontology and orthodontics are all involved in this continuing evolution. This Special Issue focuses on all the recent technology that can enhance the mechanical properties of materials used in all of the different branches of dentistry. 606 $aTechnology: general issues$2bicssc 610 $aadhesive restorations 610 $aanisotropic yielding criterion 610 $aAZ31 magnesium alloy 610 $aCAD/CAM 610 $acomposite repair 610 $acomposite resins 610 $acomposites 610 $acompressive strength 610 $aconcrete 610 $adental materials 610 $adifferent curing temperatures 610 $adigital dentistry 610 $adry environments 610 $afinite element method 610 $afixed partial denture 610 $aflexural strength 610 $afracture 610 $afracture properties 610 $aindentation size effect 610 $alithium disilicate 610 $amandibular advancement device 610 $amicrohybrid composite 610 $aminimal invasive dentistry 610 $ananoindentation 610 $aobstructive sleep apnea 610 $aorthodontics 610 $aPMMA 610 $apolymerization 610 $aresin bonded bridge 610 $asandblasting 610 $asurface roughness 610 $asurface treatment 610 $atemperature crossover effect 610 $atemperature rise 610 $azirconia 615 7$aTechnology: general issues 700 $aBruno$b Giovanni$4edt$0355814 702 $aDe Stefani$b Alberto$4edt 702 $aGracco$b Antonio$4edt 702 $aBruno$b Giovanni$4oth 702 $aDe Stefani$b Alberto$4oth 702 $aGracco$b Antonio$4oth 906 $aBOOK 912 $a9910674008703321 996 $aMechanical Properties of Materials$93059181 997 $aUNINA